000
00443nam a2200145Ia 4500
008
100204s9999 xx 000 0 und d
082
_b
20257
100
_a
कणेकर शिरिष
245
_a
ते साठ दिवस
260
_b
"पुष्प प्रकाशन , पुणे"
_c
1997
300
_a
113
630
_a
ते साठ दिवस
730
_a
ते साठ दिवस
942
_c
BOOK
999
_c
464679
_d
464676